[Event "II Festival A"]
[Site "Cattolica ITA"]
[Date "2006.06.15"]
[Round "4"]
[White "De Marco, Walter"]
[Black "De Zordi, Fabio"]
[Result "1-0"]
[WhiteElo "2042"]
[BlackElo "1808"]
[PlyCount "103"]
[EventDate "2006.06.12"]

1. Nf3 Nf6 2. b3 d5 3. e3 Bg4 4. h3 Bh5 5. Bb2 e6 6. Be2 Bd6 7. d4 Nbd7 8. Nbd2
c6 9. O-O Qe7 10. Ne5 Bxe2 11. Qxe2 Ba3 12. Bxa3 Qxa3 13. Nxd7 Nxd7 14. c4 Qe7
15. e4 O-O 16. exd5 cxd5 17. cxd5 Rfe8 18. dxe6 Qd6 19. exf7+ Kxf7 20. Qf3+ Kg8
21. Nc4 Qc7 22. Rfe1 Rf8 23. Qd5+ Kh8 24. Re7 Qf4 25. Rxd7 Qxf2+ 26. Kh1 Rac8
27. Ne5 h6 28. Ng6+ Kh7 29. Nxf8+ Rxf8 30. Qe5 Rf6 31. Rxb7 Rg6 32. Qe4 h5 33.
Rc1 h4 34. Qf3 Qd2 35. Rcc7 Qe1+ 36. Kh2 Kh6 37. Qf4+ Kh7 38. Rb5 Rxg2+ 39.
Kxg2 Qe2+ 40. Qf2 Qxb5 41. Qxh4+ Kg8 42. Rc8+ Kf7 43. Qf4+ Kg6 44. Qe4+ Kf7 45.
Qe8+ Qxe8 46. Rxe8 Kxe8 47. Kf3 Kd7 48. Ke4 Kd6 49. b4 a6 50. a4 g6 51. b5 axb5
52. axb5 1-0

[Event "II Festival A"]
[Site "Cattolica ITA"]
[Date "2006.06.15"]
[Round "4"]
[White "De Santis, Alessio"]
[Black "Wazeer Ahmad, Khan"]
[Result "1-0"]
[WhiteElo "2337"]
[BlackElo "2036"]
[PlyCount "75"]
[EventDate "2006.06.12"]

1. d4 c5 2. d5 e5 3. e4 d6 4. Bd3 g6 5. h4 Bg7 6. Nc3 a6 7. a4 b6 8. Nge2 f5 9.
exf5 c4 10. Bxc4 gxf5 11. Ng3 Ra7 12. Bg5 Qc7 13. Be2 h6 14. Bd2 Nf6 15. Qc1
Qf7 16. Ra3 Ke7 17. Qd1 Rg8 18. Bc4 Qg6 19. h5 Qh7 20. O-O Nbd7 21. Re1 Ne8 22.
b4 Bf6 23. Bd3 Ng7 24. Qf3 Nb8 25. Qe3 Bg5 26. f4 Nxh5 27. Nxh5 Qg6 28. Qh3 Kf8
29. fxg5 hxg5 30. Rf1 Rf7 31. g4 Rh8 32. Qg2 Rxh5 33. gxh5 Qxh5 34. Be2 g4 35.
Ne4 f4 36. Nxd6 f3 37. Bxf3 gxf3 38. Raxf3 1-0

[Event "II Festival A"]
[Site "Cattolica ITA"]
[Date "2006.06.15"]
[Round "4"]
[White "Jones, Alessandro"]
[Black "Bornaccioni, Daniele"]
[Result "0-1"]
[WhiteElo "1824"]
[BlackElo "1900"]
[PlyCount "55"]
[EventDate "2006.06.12"]

1. d4 d6 2. e4 Nf6 3. Nc3 g6 4. Be3 Bg7 5. f3 c6 6. Qd2 Nbd7 7. Bc4 b5 8. Bb3
O-O 9. Bh6 e5 10. Nge2 b4 11. Nd1 Nxe4 12. fxe4 Qh4+ 13. Ng3 Bxh6 14. Qxb4 Ba6
15. Qxd6 Bf4 16. Nf2 Nb6 17. Qa3 Bb5 18. Qb4 a5 19. Qc5 Nd7 20. Qd6 a4 21. Qxd7
axb3 22. cxb3 Qg5 23. Qg4 Bd2+ 24. Kd1 Qe3 25. Qf3 Qxd4 26. Kc2 Be3 27. Raf1
Rxa2 28. Nd1 0-1

[Event "II Festival A"]
[Site "Cattolica ITA"]
[Date "2006.06.15"]
[Round "4"]
[White "Kwossek, Georg"]
[Black "Pattarello, Pierluigi"]
[Result "1-0"]
[WhiteElo "2065"]
[BlackElo "1977"]
[PlyCount "85"]
[EventDate "2006.06.12"]

1. d4 Nf6 2. c4 e6 3. Nf3 b6 4. g3 Bb7 5. Bg2 Be7 6. O-O O-O 7. Nc3 Ne4 8. Qc2
Nxc3 9. Qxc3 Bf6 10. Qc2 d5 11. Bf4 Na6 12. a3 c5 13. dxc5 bxc5 14. Rfd1 Qe7
15. h4 e5 16. Bg5 e4 17. Bxf6 Qxf6 18. Nd2 Rad8 19. cxd5 e3 20. Ne4 exf2+ 21.
Nxf2 Qe5 22. Qc3 Qxe2 23. Re1 Qb5 24. Rad1 Nc7 25. Qe5 Ne8 26. Ne4 c4 27. Kh2
Rxd5 28. Rxd5 Qxd5 29. Qxe8 Rxe8 30. Nf6+ gxf6 31. Rxe8+ Kg7 32. Bxd5 Bxd5 33.
Re7 f5 34. Rxa7 Kf6 35. Kg1 Ke5 36. Kf2 Kd4 37. Rd7 Ke5 38. Ke3 Be6 39. Rd4 Bd5
40. a4 f6 41. a5 Kd6 42. a6 Kc5 43. Rxd5+ 1-0

[Event "II Festival A"]
[Site "Cattolica ITA"]
[Date "2006.06.15"]
[Round "4"]
[White "Lotti, Fabio"]
[Black "Cetkovic, Sergio"]
[Result "1/2-1/2"]
[WhiteElo "2043"]
[BlackElo "2101"]
[PlyCount "129"]
[EventDate "2006.06.12"]

1. d4 Nf6 2. Bg5 g6 3. Bxf6 exf6 4. e3 Bg7 5. Ne2 d5 6. Nf4 c6 7. c3 Qb6 8. Qb3
Nd7 9. Nd2 Bh6 10. Bd3 f5 11. Nf3 O-O 12. O-O Nf6 13. Qxb6 axb6 14. a3 Ne4 15.
Rad1 Re8 16. c4 Bxf4 17. exf4 Be6 18. cxd5 Bxd5 19. Ne5 Red8 20. Bc2 f6 21. f3
Nd6 22. Nd3 Nb5 23. Nb4 Bc4 24. Rfe1 Nxd4 25. Bb1 Kf8 26. Kf2 c5 27. Na2 Re8
28. Nc3 Rxe1 29. Rxe1 b5 30. Nd1 Rd8 31. Ne3 Bf7 32. g4 fxg4 33. fxg4 Nc6 34.
Rd1 Rxd1 35. Nxd1 Nd4 36. Ke3 Ke7 37. Nf2 b6 38. h4 Nc6 39. Be4 Na5 40. Bd3 Bc4
41. b4 cxb4 42. axb4 Nc6 43. Bxc4 bxc4 44. b5 Na7 45. Kd4 Nxb5+ 46. Kxc4 Nc7
47. Kd4 Ne6+ 48. Ke4 Kd6 49. f5 Nc5+ 50. Kf4 b5 51. g5 fxg5+ 52. Kxg5 gxf5 53.
Kxf5 Ke7 54. Ke5 b4 55. Kd4 b3 56. Kc3 Kf6 57. Nd1 Kf5 58. Kc4 Ne4 59. Kxb3 Kg4
60. Kc4 Kxh4 61. Kd4 Ng5 62. Ke5 h5 63. Kf5 Nf7 64. Ne3 Kg3 65. Kg6 1/2-1/2

[Event "II Festival A"]
[Site "Cattolica ITA"]
[Date "2006.06.15"]
[Round "4"]
[White "Pipitone, Antonio"]
[Black "Faini, Ivano"]
[Result "1-0"]
[WhiteElo "1994"]
[BlackElo "1842"]
[PlyCount "113"]
[EventDate "2006.06.12"]

1. e4 d5 2. exd5 Qxd5 3. Nc3 Qa5 4. d4 c6 5. Bd3 Bf5 6. Nf3 Bxd3 7. Qxd3 Nf6 8.
Bd2 Qc7 9. O-O e6 10. Rfe1 Bd6 11. Ne4 Nxe4 12. Qxe4 Nd7 13. c4 Nf6 14. Qh4 O-O
15. Bg5 Be7 16. Rac1 Rad8 17. b3 h6 18. Bf4 Bd6 19. Bxh6 gxh6 20. Qxf6 Kh7 21.
Re4 Be7 22. Qe5 Qxe5 23. Rxe5 Bf6 24. Re4 Rd7 25. Ne5 Bxe5 26. dxe5 Rd2 27. a4
Rb2 28. Re3 Rd8 29. g3 Rdd2 30. Rf1 Kg6 31. Kg2 h5 32. h3 Kg5 33. Kf3 Kf5 34.
g4+ hxg4+ 35. hxg4+ Kg5 36. Kg3 Kg6 37. f3 Kg5 38. f4+ Kg6 39. Kf3 Rd4 40. Kg3
Rdd2 41. Kf3 Rd4 42. Rh1 Rbd2 43. Rh8 Rd1 44. Rb8 Rd7 45. Rg8+ Kh7 46. Rg5 R7d4
47. f5 exf5 48. Rxf5 Rf1+ 49. Ke2 Rxf5 50. gxf5 Rd7 51. Kf3 Kh6 52. Ke4 c5 53.
e6 fxe6 54. fxe6 Re7 55. Ke5 Kg5 56. Kd6 Rh7 57. e7 1-0

[Event "II Festival A"]
[Site "Cattolica ITA"]
[Date "2006.06.15"]
[Round "4"]
[White "Pivotto, Carlo"]
[Black "Fongarolli, Diego"]
[Result "1/2-1/2"]
[WhiteElo "1835"]
[BlackElo "2068"]
[PlyCount "97"]
[EventDate "2006.06.12"]

1. e4 c5 2. Nc3 Nc6 3. f4 g6 4. Nf3 Bg7 5. Bb5 a6 6. Bxc6 bxc6 7. O-O d6 8. h3
e6 9. d3 Ne7 10. Qe1 d5 11. Bd2 a5 12. Na4 dxe4 13. Qxe4 Qd5 14. Bc3 Bxc3 15.
Nxc3 Qd6 16. Qe5 Qxe5 17. fxe5 O-O 18. Ne4 Rb8 19. b3 Nf5 20. Nf6+ Kg7 21. Ng5
h6 22. Nge4 Rd8 23. Nxc5 Rb5 24. Nfe4 Ng3 25. a4 Rxc5 26. Nxc5 Nxf1 27. Rxf1
Rd5 28. Ne4 Rd7 29. Nd6 Ba6 30. Rf4 c5 31. d4 g5 32. Re4 cxd4 33. Rxd4 Kg6 34.
c4 Rc7 35. g4 Rc5 36. Re4 Bc8 37. Kf2 Bd7 38. Ke3 f5 39. exf6 Kxf6 40. Kd4 Rc7
41. c5 Bc6 42. Re3 Rd7 43. Kc4 Rd8 44. b4 axb4 45. Kxb4 Ra8 46. Nb5 Ke7 47. Ra3
e5 48. Re3 Kf6 49. Nc3 1/2-1/2

[Event "II Festival A"]
[Site "Cattolica ITA"]
[Date "2006.06.16"]
[Round "5"]
[White "Barlocco, Carlo"]
[Black "De Santis, Alessio"]
[Result "1/2-1/2"]
[WhiteElo "2188"]
[BlackElo "2337"]
[PlyCount "49"]
[EventDate "2006.06.12"]

1. d4 Nf6 2. Bf4 g6 3. e3 Bg7 4. Nf3 O-O 5. Be2 d6 6. h3 Nbd7 7. O-O b6 8. a4
a6 9. Nbd2 c5 10. c3 Bb7 11. Qb3 Rb8 12. Qa3 h6 13. Bh2 Nd5 14. b4 cxd4 15.
cxd4 a5 16. b5 Rc8 17. Rfc1 Nb4 18. Ne1 Rxc1 19. Rxc1 Qa8 20. Rc7 Rd8 21. Bf3
Bxf3 22. Ndxf3 Qb8 23. Rc4 Rc8 24. Qc3 Rxc4 25. Qxc4 1/2-1/2

[Event "II Festival A"]
[Site "Cattolica ITA"]
[Date "2006.06.16"]
[Round "5"]
[White "Bonugli, Carlo"]
[Black "Pivotto, Carlo"]
[Result "1/2-1/2"]
[WhiteElo "2065"]
[BlackElo "1835"]
[PlyCount "38"]
[EventDate "2006.06.12"]

1. e4 d6 2. d4 Nf6 3. Nc3 e5 4. dxe5 dxe5 5. Qxd8+ Kxd8 6. Bc4 Be6 7. Bxe6 fxe6
8. Nf3 Bd6 9. Bg5 Nc6 10. O-O-O Ke7 11. Rhe1 Rhf8 12. h3 h6 13. Be3 g5 14. Nh2
a6 15. Ng4 Nxg4 16. hxg4 b5 17. Rh1 Rf6 18. Ne2 Nd8 19. Rh2 Nf7 1/2-1/2

[Event "II Festival A"]
[Site "Cattolica ITA"]
[Date "2006.06.16"]
[Round "5"]
[White "Cetkovic, Sergio"]
[Black "Jones, Alessandro"]
[Result "1/2-1/2"]
[WhiteElo "2101"]
[BlackElo "1824"]
[PlyCount "94"]
[EventDate "2006.06.12"]

1. e4 e5 2. Nf3 Nc6 3. Bc4 Nf6 4. d3 Bc5 5. Bg5 d6 6. h3 Be6 7. Bb3 h6 8. Bh4
Qd7 9. Bxe6 Qxe6 10. Bxf6 Qxf6 11. c3 O-O 12. a4 a5 13. Na3 Bxa3 14. Rxa3 Qe6
15. Qb3 Qxb3 16. Rxb3 b6 17. g4 g6 18. Nh4 Kg7 19. Ra3 Ne7 20. Rg1 g5 21. Nf5+
Nxf5 22. gxf5 f6 23. Ke2 Kf7 24. Rb1 Rab8 25. b4 Rg8 26. f3 Ra8 27. b5 h5 28.
Rg1 Rg7 29. Raa1 Rag8 30. Rg2 Ke7 31. Rag1 h4 32. d4 Rd8 33. Rd1 Ke8 34. dxe5
dxe5 35. Rd5 Rgd7 36. c4 Rc8 37. Rg1 c6 38. Rxd7 Kxd7 39. Rd1+ Ke7 40. Rc1 cxb5
41. axb5 Kd6 42. Kd3 Kc5 43. Kc3 Rd8 44. Ra1 Rd4 45. Ra4 Rd1 46. Ra2 Rc1+ 47.
Kb3 47... Rxc4 {...} 1/2-1/2

[Event "II Festival A"]
[Site "Cattolica ITA"]
[Date "2006.06.16"]
[Round "5"]
[White "Dvirnyy, Danyyil"]
[Black "Kwossek, Georg"]
[Result "1-0"]
[WhiteElo "2280"]
[BlackElo "2065"]
[PlyCount "23"]
[EventDate "2006.06.12"]

1. e4 e5 2. Nf3 d6 3. d4 Nf6 4. Nc3 Nbd7 5. Bc4 Be7 6. O-O O-O 7. h3 c6 8. a4
b6 9. dxe5 dxe5 10. Qe2 Qc7 11. Nh4 Nxe4 12. Nf5 1-0

[Event "II Festival A"]
[Site "Cattolica ITA"]
[Date "2006.06.16"]
[Round "5"]
[White "Faini, Ivano"]
[Black "De Zordi, Fabio"]
[Result "0-1"]
[WhiteElo "1842"]
[BlackElo "1808"]
[PlyCount "104"]
[EventDate "2006.06.12"]

1. b3 Nf6 2. Bb2 d5 3. e3 Bg4 4. f3 Bd7 5. f4 Bg4 6. Nf3 e6 7. h3 Bxf3 8. Qxf3
Nbd7 9. g4 Ne4 10. h4 c6 11. d3 Qa5+ 12. c3 Nd6 13. Be2 Be7 14. h5 O-O-O 15. d4
Ne4 16. Bd3 Nd6 17. a4 f6 18. b4 Qc7 19. Nd2 e5 20. Bf5 Rde8 21. Bxd7+ Qxd7 22.
f5 exd4 23. cxd4 Ne4 24. Ba3 Ng5 25. Qe2 Bd6 26. Rc1 Re7 27. b5 Bxa3 28. bxc6
bxc6 29. Qa6+ Qb7 30. Rxc6+ Rc7 31. Rxc7+ Kxc7 32. Qa5+ Kd7 33. Ke2 Bb4 34. Rb1
Rb8 35. Nb3 Ne4 36. Qb5+ Qxb5+ 37. axb5 Nc3+ 38. Kd3 Nxb1 39. Nc5+ Bxc5 40.
dxc5 Rxb5 41. Kd4 Kc6 42. e4 dxe4 43. Kxe4 Rxc5 44. Kf4 Kd6 45. g5 Ke7 46. h6
fxg5+ 47. Kxg5 gxh6+ 48. Kxh6 Kf6 49. Kh5 a5 50. Kh6 a4 51. Kh5 a3 52. Kg4 Rxf5
0-1

[Event "II Festival A"]
[Site "Cattolica ITA"]
[Date "2006.06.16"]
[Round "5"]
[White "Fongarolli, Diego"]
[Black "Bornaccioni, Daniele"]
[Result "1/2-1/2"]
[WhiteElo "2068"]
[BlackElo "1900"]
[PlyCount "43"]
[EventDate "2006.06.12"]

1. e4 d6 2. d4 Nf6 3. Nc3 g6 4. f4 Bg7 5. Nf3 c5 6. Bb5+ Nfd7 7. O-O O-O 8. Be3
a6 9. Be2 b5 10. f5 Bb7 11. fxg6 hxg6 12. dxc5 b4 13. Nd5 Nxc5 14. Rb1 Nc6 15.
Qe1 e6 16. Nxb4 Nxe4 17. Bd3 Nc5 18. Nxc6 Bxc6 19. Ng5 Bd4 20. Bxd4 Qxg5 21.
Qf2 Nxd3 22. cxd3 1/2-1/2

[Event "II Festival A"]
[Site "Cattolica ITA"]
[Date "2006.06.16"]
[Round "5"]
[White "Pattarello, Pierluigi"]
[Black "De Marco, Walter"]
[Result "1-0"]
[WhiteElo "1977"]
[BlackElo "2042"]
[PlyCount "59"]
[EventDate "2006.06.12"]

1. d4 b6 2. c4 Bb7 3. Nc3 Nf6 4. f3 d5 5. cxd5 Nxd5 6. e4 Nxc3 7. bxc3 g6 8.
Bc4 Bg7 9. Ne2 O-O 10. O-O c5 11. Be3 Qc7 12. Rc1 Nc6 13. Nf4 Bh6 14. Qd2 Qd6
15. e5 Qd7 16. e6 Qd6 17. exf7+ Kh8 18. Nxg6+ Qxg6 19. Bxh6 Na5 20. Bxf8 Nxc4
21. Qe2 Qxf7 22. Bxe7 Re8 23. Rfe1 Kg8 24. Qe6 Qxe6 25. Rxe6 Kf7 26. Rce1 cxd4
27. cxd4 Na3 28. Rf6+ Kg7 29. Rf4 Nb5 30. Bf6+ 1-0

[Event "II Festival A"]
[Site "Cattolica ITA"]
[Date "2006.06.16"]
[Round "5"]
[White "Raineri, Valerio"]
[Black "Lotti, Fabio"]
[Result "1-0"]
[WhiteElo "2145"]
[BlackElo "2043"]
[PlyCount "113"]
[EventDate "2006.06.12"]

1. e4 c6 2. d4 d5 3. Nc3 dxe4 4. f3 e3 5. Bxe3 Nf6 6. Bd3 Qa5 7. Nge2 e6 8. O-O
Be7 9. Ng3 h5 10. Qe2 b6 11. Bd2 Bb4 12. a3 Bxc3 13. bxc3 Qd5 14. Ne4 h4 15.
Bc4 Qd7 16. Nxf6+ gxf6 17. f4 f5 18. Rae1 h3 19. Qe5 Rg8 20. Rf2 Ba6 21. Bxa6
Nxa6 22. Qxf5 Rxg2+ 23. Rxg2 hxg2 24. Qf6 Qe7 25. Qh8+ Qf8 26. Qxf8+ Kxf8 27.
Kxg2 Ke7 28. f5 b5 29. Bf4 Rc8 30. fxe6 fxe6 31. Be5 Nc7 32. Re3 Nd5 33. Rg3
Rf8 34. h4 Rf7 35. h5 Rh7 36. Rh3 Kf7 37. Kf2 Nb6 38. Bd6 Nc4 39. Bc5 a5 40.
Kf3 e5 41. dxe5 Nxe5+ 42. Kf4 Nd7 43. Be3 Ke6 44. h6 Rf7+ 45. Ke4 Nf8 46. Rg3
Nh7 47. Bd4 Nf6+ 48. Bxf6 Rxf6 49. Rh3 Rf8 50. h7 Rh8 51. Kd4 Kd7 52. Rh6 Kc7
53. Ke5 c5 54. Kd5 b4 55. cxb4 cxb4 56. a4 Kb7 57. Kc5 1-0

[Event "II Festival A"]
[Site "Cattolica ITA"]
[Date "2006.06.16"]
[Round "5"]
[White "Wazeer Ahmad, Khan"]
[Black "Pipitone, Antonio"]
[Result "1-0"]
[WhiteElo "2036"]
[BlackElo "1994"]
[PlyCount "113"]
[EventDate "2006.06.12"]

1. d4 Nf6 2. c4 c5 3. e3 d6 4. Nc3 Nbd7 5. Nf3 g6 6. g3 Bg7 7. Bg2 O-O 8. O-O
Re8 9. a3 a6 10. b4 cxd4 11. exd4 Nb6 12. Qe2 Be6 13. Nd2 Qc7 14. c5 Nbd5 15.
Bb2 Nxc3 16. Bxc3 d5 17. a4 Qd7 18. b5 axb5 19. axb5 Bh3 20. Rxa8 Rxa8 21. Ra1
Rxa1+ 22. Bxa1 Bxg2 23. Kxg2 e6 24. Bc3 Ne8 25. Nb1 Nc7 26. Na3 e5 27. b6 Ne6
28. Qb5 Qc8 29. c6 exd4 30. Bb4 d3 31. c7 Bd4 32. Nb1 h5 33. Nd2 Kg7 34. Bd6
Bc3 35. Qxd3 Bd4 36. Qb3 Ng5 37. Qxd5 Ne6 38. Nf3 Bxb6 39. Ng5 Bxc7 40. Nxe6+
fxe6 41. Qe5+ Kf7 42. Bxc7 b5 43. Qf4+ Ke8 44. Bd6 Qc6+ 45. Kh3 Kd7 46. Be5 Qd5
47. Qf7+ Kd8 48. Qc7+ Ke8 49. Qd6 Qc4 50. Qb8+ Kd7 51. Qa7+ Ke8 52. Qd4 Qf1+
53. Kh4 Qe2 54. Kg5 Qf3 55. Qf4 Qd3 56. Qf6 Qe2 57. Qxe6+ 1-0

[Event "II Festival A"]
[Site "Cattolica ITA"]
[Date "2006.06.17"]
[Round "6"]
[White "Bornaccioni, Daniele"]
[Black "Bonugli, Carlo"]
[Result "0-1"]
[WhiteElo "1900"]
[BlackElo "2065"]
[PlyCount "112"]
[EventDate "2006.06.12"]

1. d4 Nf6 2. Nf3 g6 3. g3 Bg7 4. Bg2 O-O 5. O-O d6 6. Nc3 Nbd7 7. e4 e5 8. Re1
exd4 9. Nxd4 Nc5 10. h3 Ne6 11. Be3 Nxd4 12. Bxd4 Be6 13. f4 c5 14. Bf2 Rb8 15.
Qf3 Qb6 16. b3 Qa5 17. Rad1 Ng4 18. hxg4 Bxc3 19. f5 Bd7 20. f6 Be5 21. Be3 Qd8
22. g5 Qc8 23. Qf2 Bg4 24. Bf3 Rd8 25. Qh2 h5 26. gxh6 Bxf3 27. h7+ Kh8 28. Qh6
Bxf6 29. Qf4 Qe6 30. Qxf3 Kxh7 31. Kg2 Rh8 32. Rh1+ Kg7 33. Bf4 Rxh1 34. Rxh1
Rh8 35. Rxh8 Kxh8 36. c4 Kg8 37. Qd3 Be5 38. Bh6 Qg4 39. Qe3 Bd4 40. Qf4 Qxf4
41. gxf4 f5 42. Kf3 Kf7 43. Bg5 Bf6 44. Bh6 Kg8 45. a3 Be7 46. b4 cxb4 47. axb4
a6 48. Ke3 Kf7 49. Kd4 Ke6 50. exf5+ gxf5 51. Bg7 Bh4 52. b5 Bf2+ 53. Kd3 axb5
54. cxb5 Kd5 55. Kc3 Kc5 56. Bf8 Be3 0-1

[Event "II Festival A"]
[Site "Cattolica ITA"]
[Date "2006.06.17"]
[Round "6"]
[White "De Santis, Alessio"]
[Black "Fongarolli, Diego"]
[Result "1-0"]
[WhiteElo "2337"]
[BlackElo "2068"]
[PlyCount "29"]
[EventDate "2006.06.12"]

1. d4 Nf6 2. c4 g6 3. Nc3 d5 4. cxd5 Nxd5 5. e4 Nxc3 6. bxc3 Bg7 7. Bc4 O-O 8.
Ne2 c5 9. Be3 Nc6 10. Rc1 Qc7 11. h4 Qa5 12. Kf1 cxd4 13. cxd4 Rd8 14. h5 Ne5
15. Bd2 1-0

[Event "II Festival A"]
[Site "Cattolica ITA"]
[Date "2006.06.17"]
[Round "6"]
[White "De Zordi, Fabio"]
[Black "Jones, Alessandro"]
[Result "1/2-1/2"]
[WhiteElo "1808"]
[BlackElo "1824"]
[PlyCount "39"]
[EventDate "2006.06.12"]

1. c4 Nf6 2. Nc3 c6 3. d4 d5 4. cxd5 cxd5 5. Nf3 Nc6 6. e3 Bf5 7. Bb5 Qb6 8.
Ne5 Rc8 9. O-O e6 10. a3 Bd6 11. Nxc6 bxc6 12. Bd3 Bxd3 13. Qxd3 O-O 14. b4 a5
15. Rb1 Rb8 16. b5 cxb5 17. Nxb5 Qa6 18. a4 Nd7 19. Ba3 Bxa3 20. Qxa3 1/2-1/2

[Event "II Festival A"]
[Site "Cattolica ITA"]
[Date "2006.06.17"]
[Round "6"]
[White "Faini, Ivano"]
[Black "De Marco, Walter"]
[Result "0-1"]
[WhiteElo "1842"]
[BlackElo "2042"]
[PlyCount "88"]
[EventDate "2006.06.12"]

1. b3 b6 2. Bb2 Bb7 3. e3 e6 4. c4 Nf6 5. d4 Be7 6. Nc3 O-O 7. Nf3 d6 8. Be2
Nbd7 9. h3 Ne4 10. Nxe4 Bxe4 11. g4 e5 12. Rg1 f6 13. Nh4 Bb7 14. Bf3 e4 15.
Bh1 d5 16. Qc2 Bb4+ 17. Bc3 Bxc3+ 18. Qxc3 c6 19. Nf5 Qb8 20. Rg3 g6 21. Nh4
Qd6 22. O-O-O a5 23. Kb2 a4 24. b4 Ba6 25. c5 bxc5 26. dxc5 Qe5 27. a3 Rab8 28.
Rd4 Bc4 29. Bxe4 Nxc5 30. Bxg6 hxg6 31. Nxg6 Qe8 32. Nxf8 Ne4 33. Rxc4 Nxc3 34.
Rf4 Qxf8 35. Kxc3 c5 36. g5 cxb4+ 37. axb4 Rc8+ 38. Kd3 f5 39. Rgf3 Qe7 40.
Rxf5 Qe4+ 41. Ke2 Qc4+ 42. Ke1 Qc1+ 43. Ke2 Rc2+ 44. Kd3 Qd2# 0-1

[Event "II Festival A"]
[Site "Cattolica ITA"]
[Date "2006.06.17"]
[Round "6"]
[White "Kwossek, Georg"]
[Black "Cetkovic, Sergio"]
[Result "1/2-1/2"]
[WhiteElo "2065"]
[BlackElo "2101"]
[PlyCount "111"]
[EventDate "2006.06.12"]

1. d4 Nf6 2. c4 g6 3. Nc3 Bg7 4. e4 O-O 5. Nf3 d6 6. Be2 e5 7. O-O Nc6 8. d5
Ne7 9. b4 a5 10. bxa5 Rxa5 11. Nd2 Ne8 12. Re1 f5 13. Bf1 f4 14. a4 b6 15. Ba3
g5 16. Nb3 Ra8 17. a5 bxa5 18. c5 g4 19. Nb5 Rf6 20. Rc1 Rh6 21. Nxc7 Nxc7 22.
cxd6 Rxd6 23. Bxd6 Qxd6 24. Nd2 Ne8 25. Nc4 Qd8 26. d6 Be6 27. dxe7 Qxe7 28.
Qa4 g3 29. hxg3 fxg3 30. fxg3 Nd6 31. Qc6 Rd8 32. Nxd6 Rxd6 33. Qa8+ Qd8 34.
Qxd8+ Rxd8 35. Rc6 Bg4 36. Ra6 Bf8 37. Bc4+ Kh8 38. Rxa5 Bb4 39. Rea1 Bxa5 40.
Rxa5 Rd4 41. Bd5 Rd1+ 42. Kf2 h5 43. Ra7 Rd2+ 44. Kg1 Rd1+ 45. Kh2 Rd2 46. Re7
Bf3 47. Rxe5 Rxg2+ 48. Kh3 Re2 49. Re7 Re1 50. Kh4 Rg1 51. Kg5 Bxe4 52. Bxe4
Rxg3+ 53. Kh6 Kg8 54. Bg6 Rf3 55. Re8+ Rf8 56. Re7 1/2-1/2

[Event "II Festival A"]
[Site "Cattolica ITA"]
[Date "2006.06.17"]
[Round "6"]
[White "Pipitone, Antonio"]
[Black "Lotti, Fabio"]
[Result "1/2-1/2"]
[WhiteElo "1994"]
[BlackElo "2043"]
[PlyCount "139"]
[EventDate "2006.06.12"]

1. e4 c6 2. d4 d5 3. Nc3 dxe4 4. Nxe4 Bf5 5. Ng3 Bg6 6. Nf3 Nd7 7. h4 h6 8. h5
Bh7 9. Bd3 Bxd3 10. Qxd3 e6 11. Bd2 Ngf6 12. c4 Bd6 13. Ne4 Nxe4 14. Qxe4 Nf6
15. Qe2 Qc7 16. Rh4 Qe7 17. a3 a5 18. g3 a4 19. Ne5 Bxe5 20. Qxe5 Rg8 21. Bb4
Qd8 22. O-O-O Nd7 23. Qe3 Qc7 24. Kb1 O-O-O 25. d5 c5 26. Bc3 Rde8 27. Re4 Qd6
28. Re1 Nf8 29. Rg4 g5 30. hxg6 Rxg6 31. Rxg6 Nxg6 32. Qxh6 Rd8 33. dxe6 Qd3+
34. Ka1 fxe6 35. Qg5 b6 36. Qf6 Nf8 37. Qf4 Qc2 38. Qf3 Kb8 39. Be5+ Ka7 40.
Bc3 Rd3 41. Qe2 Qxe2 42. Rxe2 Rf3 43. Be1 Kb7 44. Kb1 Kc6 45. Kc2 b5 46. cxb5+
Kxb5 47. Re4 Rf5 48. f4 Rh5 49. Kd3 Rh2 50. g4 Rh3+ 51. Kc2 Rh2+ 52. Bd2 Rg2
53. g5 Ng6 54. Kd1 Nf8 55. Bc3 Ng6 56. Ke1 Rg4 57. Bd2 e5 58. Kf2 exf4 59. Kf3
Rg3+ 60. Kf2 Rxg5 61. Bxf4 Nxf4 62. Rxf4 Rd5 63. Ke3 Rd1 64. Rf2 Kc4 65. Rc2+
Kb3 66. Rxc5 Kxb2 67. Rb5+ Kxa3 68. Rb7 Ka2 69. Rb5 a3 70. Rb7 1/2-1/2

[Event "II Festival A"]
[Site "Cattolica ITA"]
[Date "2006.06.17"]
[Round "6"]
[White "Pivotto, Carlo"]
[Black "Pattarello, Pierluigi"]
[Result "1-0"]
[WhiteElo "1835"]
[BlackElo "1977"]
[PlyCount "53"]
[EventDate "2006.06.12"]

1. e4 e6 2. d3 d5 3. Nd2 Nf6 4. Ngf3 c5 5. g3 Nc6 6. Bg2 Be7 7. O-O O-O 8. Re1
Qc7 9. e5 Nd7 10. Qe2 Re8 11. Nf1 Nf8 12. h4 b5 13. N1h2 a5 14. h5 Bb7 15. Bf4
d4 16. Ng4 Nb4 17. Nf6+ gxf6 18. exf6 Qd8 19. fxe7 Qxe7 20. a3 Nd5 21. Bh6 f6
22. Nh4 Nd7 23. Bxd5 Bxd5 24. Nf5 Qf7 25. Qg4+ Kh8 26. Bg7+ Kg8 27. Nh6# 1-0

[Event "II Festival A"]
[Site "Cattolica ITA"]
[Date "2006.06.17"]
[Round "6"]
[White "Raineri, Valerio"]
[Black "Dvirnyy, Danyyil"]
[Result "0-1"]
[WhiteElo "2145"]
[BlackElo "2280"]
[PlyCount "120"]
[EventDate "2006.06.12"]

1. e4 c5 2. Nf3 d6 3. d4 cxd4 4. Nxd4 Nf6 5. Nc3 g6 6. Be3 Bg7 7. f3 O-O 8. Qd2
Nc6 9. Bc4 Bd7 10. O-O-O Rb8 11. h4 b5 12. Bb3 Nxd4 13. Bxd4 a5 14. e5 dxe5 15.
Bxe5 Rb7 16. Bxf6 Bxf6 17. Ne4 a4 18. Nxf6+ exf6 19. Bd5 Rc7 20. Bc6 Rxc6 21.
Qxd7 Qb6 22. Qd4 Qc7 23. Kb1 Rxc2 24. Qxf6 Rxg2 25. Rc1 Qd8 26. Qxd8 Rxd8 27.
Rc5 b4 28. Rb5 Rd4 29. Rg5 Rf2 30. Rg4 Rxg4 31. fxg4 b3 32. axb3 axb3 33. Kc1
Rg2 34. g5 Rc2+ 35. Kb1 Rg2 36. Kc1 Rg3 37. Kd2 Kg7 38. Rf1 Rg4 39. Rh1 Rg3 40.
Rf1 Rg4 41. Rh1 Rc4 42. Ke2 h6 43. Kd3 Rc2 44. gxh6+ Kxh6 45. Rf1 f5 46. Ra1
Rxb2 47. Kc3 Rh2 48. Kxb3 Rxh4 49. Kc3 Rg4 50. Rh1+ Kg5 51. Kd3 Rg3+ 52. Ke2
Kg4 53. Kf2 g5 54. Ra1 Rb3 55. Ra2 f4 56. Kg2 Rg3+ 57. Kh2 Rh3+ 58. Kg2 f3+ 59.
Kg1 Kf4 60. Rb2 g4 0-1

[Event "II Festival A"]
[Site "Cattolica ITA"]
[Date "2006.06.17"]
[Round "6"]
[White "Wazeer Ahmad, Khan"]
[Black "Barlocco, Carlo"]
[Result "0-1"]
[WhiteElo "2036"]
[BlackElo "2188"]
[PlyCount "96"]
[EventDate "2006.06.12"]

1. d4 b6 2. c4 e6 3. Nc3 Bb4 4. e4 Bb7 5. Bd3 f5 6. Qc2 Nf6 7. d5 fxe4 8. Bxe4
exd5 9. Bf3 Nc6 10. cxd5 Nd4 11. Qd3 Nxf3+ 12. Nxf3 Qe7+ 13. Kd1 O-O 14. Bd2
Bxc3 15. Bxc3 Nxd5 16. Bd2 Rae8 17. Ng5 g6 18. Re1 Qf6 19. Rxe8 Rxe8 20. f3
Qxb2 21. Rb1 Qe5 22. Rb3 Qxh2 23. f4 Qxg2 24. Kc1 Qg1+ 25. Kb2 Qg4 26. Nf3 Nxf4
27. Qd4 Re4 28. Qf6 Re2 29. Ka3 Nd5 30. Qd8+ Kg7 31. Bc1 Qe6 32. Bb2+ Rxb2 33.
Rxb2 Qe7+ 34. Qxe7+ Nxe7 35. Nd4 a6 36. Re2 Kf6 37. Rf2+ Nf5 38. Nxf5 gxf5 39.
Rh2 f4 40. Rxh7 f3 41. Rh8 Ke5 42. Kb4 Kd4 43. Rf8 Ke3 44. Kc3 f2 45. a4 Be4
46. a5 bxa5 47. Rf7 Ke2 48. Re7 d5 0-1

[Event "IX Weekend A"]
[Site "Porto Sant'Elpidio ITA"]
[Date "2006.11.18"]
[Round "1"]
[White "Baleani, Emanuele"]
[Black "Guglielmi, Dante"]
[Result "1/2-1/2"]
[WhiteElo "1807"]
[BlackElo "1960"]
[PlyCount "93"]
[EventDate "2006.11.18"]

1. e4 c5 2. Nf3 d6 3. d4 cxd4 4. Nxd4 Nf6 5. Nc3 a6 6. Be3 e6 7. Bd3 Be7 8. O-O
O-O 9. f4 Nc6 10. Nxc6 bxc6 11. e5 Nd5 12. Nxd5 exd5 13. Qh5 g6 14. Qh6 Re8 15.
f5 Bf8 16. Qg5 Qxg5 17. Bxg5 dxe5 18. fxg6 hxg6 19. Bf6 Bg7 20. c3 Re6 21. Bh4
Rb8 22. Rf2 e4 23. Bg3 Rb6 24. Bf1 Be5 25. Bxe5 Rxe5 26. b3 Bg4 27. h3 e3 28.
Rb2 e2 29. Bxe2 Rxe2 30. Rbb1 Bf5 31. Rf1 Be4 32. Rf2 Rxf2 33. Kxf2 Rb7 34. Re1
a5 35. c4 a4 36. cxd5 cxd5 37. Re3 axb3 38. axb3 f5 39. Rc3 d4 40. Rc4 Rxb3 41.
Rxd4 Rb2+ 42. Ke3 Rxg2 43. Kf4 g5+ 44. Ke5 g4 45. hxg4 Rxg4 46. Kf6 f4 47. Rxe4
1/2-1/2